000 00728 a2200205 4500
001 216222804
003 UA-OsUOA
005 20220913153406.0
008 220829b un ||||| |||| 00| 0 ukr d
040 _aUA-OsUOA
_bukr
_cUA-OsUOA
_dUA-OsUOA
041 _aukr
080 _a050
090 _a050
245 _aЛисток. Комітет оборони традицій Української Католицької церкви
_n1981: Ч. 1 (9) лютий
260 _aНью Арк; Ірвінгтон
650 _2UDC
_a050 Періодика
942 _cMG
_2udc
955 _a0
999 _c573116
_d573116